| 000 | 01396nam a22003975a 4500 | ||
|---|---|---|---|
| 003 | EG-ScBUE | ||
| 005 | 20220526123608.0 | ||
| 006 | m||||fq||h 00| 0 | ||
| 008 | 110328r20102006enka f 000 0 eng d | ||
| 020 | _a0194716309 | ||
| 020 | _a9780194716307 | ||
| 040 |
_aEG-ScBUE _beng _erda _cEG-ScBUE _dEG-ScBUE |
||
| 082 | 0 | 4 |
_a428.24 _bSOA _222 |
| 100 | 1 |
_aSoars, Liz, _d1945- _eauthor. _934639 |
|
| 245 | 1 | 0 |
_aNew headway plus, _pIntermediate, _pStudent's book / _cLiz and John Soars. |
| 246 | 3 | 0 | _aIntermediate |
| 246 | 3 | 0 | _aStudent's book |
| 250 | _aReprinted edition. | ||
| 264 | 1 |
_aOxford : _bOxford University Press, _c2010. |
|
| 300 |
_a159 pages : _billustrations ; _c28 cm + _e2 CD. |
||
| 336 |
_2rdacontent _atext _btxt |
||
| 336 |
_2rdacontent _asounds _bsnd |
||
| 337 |
_2rdamedia _aunmediated _bn |
||
| 337 |
_2rdamedia _aaudio _bs |
||
| 338 |
_2rdacarrier _avolume _bnc |
||
| 338 |
_2rdacarrier _acomputer disc _bcd |
||
| 490 | 0 | _aNew Headway Plus | |
| 650 | 7 |
_aEnglish language _vTextbooks for foreign speakers. _2BUEsh _922707 |
|
| 650 | 7 |
_aEnglish language _xGrammar _vProblems, exercises, etc. _2BUEsh _922708 |
|
| 651 | _2BUEsh | ||
| 653 |
_bHHUUEENN _cAugust2015 _cNovember2018 |
||
| 655 |
_vReading book _934232 |
||
| 700 | 1 |
_aSoars, John, _d1951- _eauthor. _92160 |
|
| 856 | 4 | 2 |
_3Online resources _uhttps://elt.oup.com/student/headway/?cc=eg&selLanguage=en |
| 942 |
_2ddc _cBB |
||
| 999 |
_c5097 _d5097 |
||